000 01027nam a22002537a 4500
999 _c64204
_d64204
005 20240530110720.0
008 180321s2017 ua g b 000 0 ara d
017 _a2016/27659
_bمصر . دار الكتب
020 _a9789773805104
040 _aEG-CaGPL
082 0 4 _221
_a362.73\
_bط ر
100 0 _aطارق عبد الروؤف محمد عامر
245 1 0 _aرعاية الأيتام :
_bاتجاهات عربية /
_cطارق عبدالرؤف محمد عامر ، إيهاب عيسى المصري
250 _aط. 1
260 _aالقاهرة :
_bدار العلوم للنشر والتوزيع ،
_c2017
300 _a200 ص. ؛
_c24 سم.
504 _aببليوجرافية : ص 187 - 196
650 0 7 _aاليتامى
_xخدمات اجتماعية
650 0 7 _aاليتامى
_xكفالة
650 0 7 _aاليتامى
_vقوانين وتشريعات
700 0 _aإيهاب عيسى المصري
_eمؤلف مشارك
942 _2ddc
_cBK